000 00282nam a2200121Ia 4500
100 _aJain/S.K & prasad D
942 _cBK
654 _acircuit analysis
245 _aCircuit theory & network analysis
260 _bC.B.S Publishers
_aDelhi
_c1987
546 _aENGLISH
999 _c22059
_d22059